[Event "16th Asia-ch (w)"]
[Site "Ho Chi Minh VIE"]
[Date "2012.05.11"]
[Round "7"]
[White "Le Thanh Tu"]
[Black "Tania, Sachdev"]
[Result "1-0"]
[WhiteElo "2313"]
[BlackElo "2417"]
[EventDate "2012.05.05"]
[PlyCount "81"]

1.d4 Nf6 2.c4 e6 3.g3 c5 4.d5 exd5 5.cxd5 d6 6.Nc3 g6 7.Bg2 Bg7 8.Nf3 O-O 
9.O-O a6 10.a4 Nbd7 11.h3 Re8 12.Nd2 Rb8 13.Nc4 Nb6 14.Na3 Bd7 15.a5 Nc8 
16.Nc4 Bb5 17.Qb3 Bxc4 18.Qxc4 Nd7 19.Ra3 Qe7 20.e4 Ne5 21.Qe2 c4 22.Be3 
Qc7 23.Qd2 Nd3 24.Na4 Re7 25.b3 Nb2 26.Rc1 Nxa4 27.Rxa4 c3 28.Qd3 b5 29.
axb6 Nxb6 30.Rxa6 Nd7 31.Rc6 Qb7 32.f4 Qxb3 33.Rxd6 Qa3 34.e5 Nxe5 35.fxe5
Bxe5 36.Rc6 Rb2 37.Rc8+ Kg7 38.R8xc3 Bxc3 39.Qxc3+ Qxc3 40.Rxc3 f6 41.d6 
1-0

[Event "16th Asia-ch (w)"]
[Site "Ho Chi Minh VIE"]
[Date "2012.05.11"]
[Round "7"]
[White "Guo Qi"]
[Black "Nakhbaeva, Guliskhan"]
[Result "0-1"]
[WhiteElo "2360"]
[BlackElo "2309"]
[EventDate "2012.05.05"]
[PlyCount "56"]

1.d4 Nf6 2.c4 e6 3.Nf3 Bb4+ 4.Bd2 a5 5.g3 d6 6.Bg2 Nbd7 7.O-O e5 8.Qc2 O-O
9.Rd1 Re8 10.Nc3 c6 11.a3 Bxc3 12.Bxc3 e4 13.Nd2 d5 14.e3 Nf8 15.b4 a4 16.
b5 cxb5 17.cxb5 Bg4 18.Rdc1 Qd7 19.Rab1 Qf5 20.Bb4 Ne6 21.Bd6 Ng5 22.Be5 
Rac8 23.Qb2 Bf3 24.Bxf6 Nh3+ 25.Kf1 Be2+ 26.Kxe2 Qxf2+ 27.Kd1 Qg1+ 28.Bf1 
Nf2+ 0-1

[Event "16th Asia-ch (w)"]
[Site "Ho Chi Minh VIE"]
[Date "2012.05.11"]
[Round "7"]
[White "Hoang Thi Bao Tram"]
[Black "Swathi, Ghate"]
[Result "0-1"]
[WhiteElo "2356"]
[BlackElo "2286"]
[EventDate "2012.05.05"]
[PlyCount "76"]

1.d4 Nf6 2.Nf3 d5 3.c4 e6 4.e3 Be7 5.Bd3 b6 6.O-O O-O 7.b3 Bb7 8.Bb2 Nbd7 
9.cxd5 exd5 10.Nc3 a6 11.Ne5 Bd6 12.f4 Qe7 13.Qf3 Rad8 14.Rac1 Rfe8 15.
Rfe1 Nb8 16.Re2 c5 17.Qh3 Ne4 18.Na4 Bc8 19.Qf3 Qb7 20.dxc5 Nxc5 21.Nxc5 
Bxc5 22.Qg3 f6 23.Qh4 h6 24.b4 Bxb4 25.Ng4 Bxg4 26.Qxg4 Bc5 27.Bxf6 Rd6 
28.Qg6 Kf8 29.Qh7 Rxf6 30.Bg6 Rxg6 31.Qxg6 Qf7 32.Qd3 b5 33.Kh1 Nd7 34.e4 
dxe4 35.Rxe4 Rxe4 36.Qxe4 Nf6 37.Qe2 Qe7 38.Qd3 Ne4 0-1

[Event "16th Asia-ch (w)"]
[Site "Ho Chi Minh VIE"]
[Date "2012.05.11"]
[Round "7"]
[White "Padmini, Rout"]
[Black "Nguyen Quynh Anh"]
[Result "1-0"]
[WhiteElo "2345"]
[BlackElo "2129"]
[EventDate "2012.05.05"]
[PlyCount "59"]

1.e4 c5 2.Nf3 d6 3.d4 cxd4 4.Nxd4 Nf6 5.Nc3 a6 6.Bc4 e6 7.O-O b5 8.Bb3 b4 
9.Na4 Nxe4 10.f4 Bb7 11.Be3 Nd7 12.c3 bxc3 13.Nxc3 Nxc3 14.bxc3 d5 15.f5 
e5 16.Ne6 fxe6 17.fxe6 Nf6 18.Rxf6 Qxf6 19.Bxd5 Bd6 20.Bxb7 Rd8 21.Qa4+ 
Ke7 22.Rf1 Kxe6 23.Qc4+ Kd7 24.Rxf6 gxf6 25.Qf7+ Be7 26.Bc5 Rhe8 27.Bd5 
Rb8 28.Qe6+ Kc7 29.Qc6+ Kd8 30.Bb6+ 1-0

[Event "16th Asia-ch (w)"]
[Site "Ho Chi Minh VIE"]
[Date "2012.05.11"]
[Round "7"]
[White "Muminova, Nafisa"]
[Black "Pham Le Thao Nguyen"]
[Result "1/2-1/2"]
[WhiteElo "2338"]
[BlackElo "2390"]
[EventDate "2012.05.05"]
[PlyCount "76"]

1.e4 c5 2.Nf3 e6 3.d4 cxd4 4.Nxd4 a6 5.Bd3 Bc5 6.Nb3 Be7 7.Qg4 Bf6 8.Qg3 
Nc6 9.O-O Nge7 10.Nc3 O-O 11.f4 d6 12.Be3 Bd7 13.Rad1 Ng6 14.Qf2 Be7 15.a4
Nb4 16.Nd4 Rc8 17.Nf3 Qe8 18.a5 Bd8 19.Ra1 Bc6 20.Qd2 Nxd3 21.cxd3 f5 22.
Nd4 Qd7 23.Qd1 Bf6 24.Qb3 Bxd4 25.Bxd4 Kh8 26.Be3 e5 27.fxe5 dxe5 28.Rad1 
f4 29.Bc5 Rf6 30.d4 Qg4 31.Qc2 f3 32.d5 Bd7 33.Be3 fxg2 34.Qxg2 Nh4 35.
Qxg4 Bxg4 36.Rxf6 gxf6 37.Rf1 Kg7 38.Rf2 h5 1/2-1/2

[Event "16th Asia-ch (w)"]
[Site "Ho Chi Minh VIE"]
[Date "2012.05.11"]
[Round "7"]
[White "Yanjindulam, Dulamsuren"]
[Black "Batchimeg, Tuvshintogs"]
[Result "1-0"]
[WhiteElo "2214"]
[BlackElo "2363"]
[EventDate "2012.05.05"]
[PlyCount "94"]

1.e4 c6 2.d4 d5 3.Nc3 dxe4 4.Nxe4 Bf5 5.Ng3 Bg6 6.h4 h6 7.Nf3 Nd7 8.h5 Bh7
9.Bd3 Bxd3 10.Qxd3 e6 11.Bd2 Ngf6 12.O-O-O Bd6 13.Ne4 Nxe4 14.Qxe4 Nf6 15.
Qe2 Qc7 16.Ne5 O-O-O 17.f4 c5 18.dxc5 Bxe5 19.Qxe5 Qxe5 20.fxe5 Ne4 21.Rh4
Ng3 22.Re1 Rd5 23.Rh3 Nf5 24.g4 Nd4 25.b4 Rhd8 26.Bf4 Nc6 27.a3 a5 28.c3 
Rd3 29.Rhe3 Rd2 30.R3e2 Rxe2 31.Rxe2 Rd3 32.Kc2 Rf3 33.Re4 axb4 34.axb4 
Ne7 35.Bd2 Kd7 36.b5 Nd5 37.c4 Nc7 38.Rd4+ Kc8 39.Rd6 Rg3 40.Rd4 Rf3 41.
Rd3 Rf2 42.Kc3 Ne8 43.g5 Rf5 44.gxh6 Rxh5 45.Rf3 gxh6 46.Rxf7 Rxe5 47.Kd4 
Rh5 1-0

[Event "16th Asia-ch (w)"]
[Site "Ho Chi Minh VIE"]
[Date "2012.05.11"]
[Round "7"]
[White "Zhai Mo"]
[Black "Le Kieu Thien Kim"]
[Result "1-0"]
[WhiteElo "2248"]
[BlackElo "2239"]
[EventDate "2012.05.05"]
[PlyCount "65"]

1.e4 c6 2.d4 d5 3.Nc3 dxe4 4.Nxe4 Bf5 5.Ng3 Bg6 6.h4 h6 7.Nf3 Nd7 8.h5 Bh7
9.Bd3 Bxd3 10.Qxd3 Ngf6 11.Bd2 Qc7 12.O-O-O e6 13.Ne4 Nxe4 14.Qxe4 Nf6 15.
Qe2 O-O-O 16.g3 Bd6 17.Kb1 Kb8 18.c4 c5 19.dxc5 Qxc5 20.Be3 Qf5+ 21.Ka1 
Ka8 22.Nd4 Qa5 23.c5 Bb8 24.c6 Rd5 25.Rc1 bxc6 26.Nxc6 Qb5 27.Qf3 Qb7 28.
Rh4 Rf5 29.Qd1 Rd5 30.Qe1 Rc8 31.Rhc4 Qb5 32.Nxa7 Qxc4 33.Nxc8 1-0

[Event "16th Asia-ch (w)"]
[Site "Ho Chi Minh VIE"]
[Date "2012.05.11"]
[Round "7"]
[White "Pratyusha, Bodda"]
[Black "Hoang Thi Nhu Y"]
[Result "0-1"]
[WhiteElo "2123"]
[BlackElo "2238"]
[EventDate "2012.05.05"]
[PlyCount "58"]

1.e4 c6 2.Nc3 d5 3.Qe2 dxe4 4.Nxe4 Bf5 5.d3 Qc7 6.g4 Bxe4 7.dxe4 Nd7 8.Bd2
O-O-O 9.f4 e5 10.f5 g6 11.O-O-O f6 12.Nf3 gxf5 13.exf5 Ne7 14.g5 Bg7 15.
Qe4 Nd5 16.h4 Nc5 17.Qc4 Qb6 18.b4 Na6 19.a3 Nac7 20.Re1 Rhe8 21.Bd3 Nb5 
22.Qa2 Re7 23.c4 Nf4 24.Bb1 Nd4 25.c5 Nde2+ 26.Kb2 Qa6 27.Bxf4 Nxf4 28.Re3
e4 29.Kc1 Nd5 0-1

[Event "16th Asia-ch (w)"]
[Site "Ho Chi Minh VIE"]
[Date "2012.05.11"]
[Round "7"]
[White "Nguyen Thi Mai Hung"]
[Black "Pham Bich Ngoc"]
[Result "0-1"]
[WhiteElo "2237"]
[BlackElo "2176"]
[EventDate "2012.05.05"]
[PlyCount "118"]

1.d4 Nf6 2.Bf4 g6 3.e3 Bg7 4.Nf3 d6 5.Be2 O-O 6.O-O Nc6 7.h3 Nd7 8.Bh2 e5 
9.c4 f5 10.Nc3 Kh8 11.Rc1 g5 12.d5 Ncb8 13.b4 h5 14.Nd2 g4 15.hxg4 hxg4 
16.e4 Nf6 17.exf5 Bxf5 18.Qb3 Bh6 19.Rcd1 Qe7 20.c5 Qh7 21.Qb2 Kg7 22.f4 
Rh8 23.Kf2 Bxf4 24.Bxf4 exf4 25.Rg1 Kg6 26.cxd6 cxd6 27.Nc4 Qe7 28.Qd2 Nh5
29.Rh1 Nd7 30.Bd3 g3+ 31.Kf1 Nhf6 32.Rg1 Ng4 33.Qe2 Nde5 34.Nxe5+ Nxe5 35.
Bxf5+ Kxf5 36.Qc2+ Kf6 37.Rd4 Raf8 38.Ne4+ Kg7 39.Qb2 Rh2 40.Rd2 Kh6 41.
Qc3 Ng4 42.Qf3 Rh4 43.Qd3 Nh2+ 44.Ke1 f3 45.Kd1 Qxe4 46.gxf3 Nxf3 47.Qxe4 
Rxe4 48.Rh1+ Rh4 49.Rf1 Nxd2 50.Rxf8 g2 51.Rh8+ Kg5 52.Rxh4 g1=Q+ 53.Kc2 
Nf3 54.Rc4 Qf2+ 55.Kc3 Qd2+ 56.Kb3 Qxd5 57.Kc3 b5 58.Rc7 Kf6 59.Kb2 Ne5 
0-1

[Event "16th Asia-ch (w)"]
[Site "Ho Chi Minh VIE"]
[Date "2012.05.11"]
[Round "7"]
[White "Mohanty, Kiran Monisha"]
[Black "Ni Shiqun"]
[Result "0-1"]
[WhiteElo "2208"]
[BlackElo "2157"]
[EventDate "2012.05.05"]
[PlyCount "118"]

1.e4 e5 2.Bc4 Nf6 3.d3 c6 4.Nc3 Bc5 5.Bb3 O-O 6.Bg5 Be7 7.Nf3 d6 8.h3 Nbd7
9.Be3 b5 10.a4 b4 11.Ne2 d5 12.Ng3 Ba6 13.Nd2 Bc5 14.Qf3 Bxe3 15.Qxe3 Qb6 
16.O-O Qxe3 17.fxe3 Nc5 18.exd5 cxd5 19.Nf5 Rfe8 20.Rf2 Rad8 21.g4 Bc8 22.
Raf1 Bxf5 23.Rxf5 h6 24.R1f2 Rc8 25.Kh2 Re7 26.Kg3 Nxb3 27.Nxb3 Rec7 28.
Rxe5 Rxc2 29.Nd4 Rxf2 30.Kxf2 Kf8 31.Rf5 Rc1 32.Ke2 Rh1 33.Rf3 Rh2+ 34.Rf2
Rxh3 35.Rg2 Rh1 36.Nc6 Rb1 37.Kf3 b3 38.Nxa7 Ra1 39.Nb5 Rxa4 40.Nd4 Nd7 
41.Rd2 Ne5+ 42.Kg3 Rb4 43.Rd1 Kg8 44.Kh4 Kh7 45.Kh5 Ra4 46.Kh4 Kg6 47.Kg3 
Rb4 48.Kf4 Nc6 49.Rd2 Nxd4 50.exd4 Rxd4+ 51.Ke5 Rxg4 52.Kxd5 h5 53.d4 h4 
54.Kc4 Kf6 55.Kxb3 Ke6 56.Kc4 Kd6 57.b4 h3 58.Rh2 Rh4 59.b5 g5 0-1

[Event "16th Asia-ch (w)"]
[Site "Ho Chi Minh VIE"]
[Date "2012.05.11"]
[Round "7"]
[White "Ngo Thi Kim Tuyen"]
[Black "Aulia, Medina Warda"]
[Result "0-1"]
[WhiteElo "2070"]
[BlackElo "2172"]
[EventDate "2012.05.05"]
[PlyCount "112"]

1.Nf3 d5 2.d4 Nf6 3.Bf4 e6 4.e3 c5 5.c3 Be7 6.Nbd2 O-O 7.Bd3 Nc6 8.h3 h6 
9.O-O Bd6 10.Bh2 Bxh2+ 11.Nxh2 Qb6 12.Rb1 e5 13.dxe5 Nxe5 14.Bc2 Be6 15.f4
Nc6 16.Kh1 Rad8 17.f5 Bc8 18.Ng4 Nxg4 19.Qxg4 Ne5 20.Qg3 Qf6 21.e4 d4 22.
cxd4 cxd4 23.Nf3 Nxf3 24.Rxf3 Rfe8 25.Ra3 a6 26.Re1 Qe5 27.Qxe5 Rxe5 28.
Rd1 b5 29.Rf3 Bb7 30.Rf4 Kf8 31.Kh2 Ke7 32.Kg3 Kf6 33.h4 a5 34.h5 b4 35.
Rh4 Rc5 36.Bd3 Ke5 37.Rg4 Rg8 38.Rf1 f6 39.Kf2 Rc7 40.Ke2 a4 41.Kd2 Ra8 
42.Rc1 Rxc1 43.Kxc1 Rc8+ 44.Kd2 Rc7 45.Bc2 Bc6 46.Bd3 Be8 47.Rh4 a3 48.b3 
Bf7 49.Bb1 Rc3 50.Bc2 Rg3 51.Rh2 Be8 52.Bd1 Bc6 53.Ke2 Bxe4 54.Kf2 Rc3 55.
g4 Rc1 56.Ke2 Bf3+ 0-1

[Event "16th Asia-ch (w)"]
[Site "Ho Chi Minh VIE"]
[Date "2012.05.11"]
[Round "7"]
[White "Citra, Dewi Andhiani Anastasia"]
[Black "Aulia, Virda Rizka"]
[Result "1/2-1/2"]
[WhiteElo "2112"]
[BlackElo "1769"]
[EventDate "2012.05.05"]
[PlyCount "73"]

1.e4 e6 2.d4 d5 3.exd5 exd5 4.Bd3 Bd6 5.Ne2 Ne7 6.O-O O-O 7.Bf4 Bf5 8.Bxd6
Qxd6 9.c3 Bxd3 10.Qxd3 c6 11.Qg3 Qxg3 12.Nxg3 Ng6 13.Nd2 Nd7 14.Rfe1 Rfe8 
15.Re3 Nf6 16.Rae1 Rxe3 17.Rxe3 Re8 18.Rxe8+ Nxe8 19.Ne2 Nd6 20.g3 f6 21.
f3 Kf7 22.Kf2 Ke6 23.Ke3 b6 24.Kd3 a6 25.b3 h5 26.Nf1 Nf5 27.Ne3 Nxe3 28.
Kxe3 f5 29.a3 h4 30.Nf4+ Nxf4 31.Kxf4 hxg3 32.hxg3 Kf6 33.Ke3 g5 34.g4 
fxg4 35.fxg4 Ke7 36.Kd2 Kd6 37.Kd3 1/2-1/2

[Event "16th Asia-ch (w)"]
[Site "Ho Chi Minh VIE"]
[Date "2012.05.11"]
[Round "7"]
[White "Pham Thi Thu Hoai"]
[Black "Otorbaeva, Nuriza"]
[Result "1-0"]
[WhiteElo "1956"]
[BlackElo "1740"]
[EventDate "2012.05.05"]
[PlyCount "147"]

1.e4 c6 2.d4 d5 3.exd5 cxd5 4.Bd3 Nc6 5.c3 Nf6 6.h3 g6 7.Nf3 Bg7 8.O-O O-O
9.Bf4 Bf5 10.Na3 Bxd3 11.Qxd3 Re8 12.Rfe1 a6 13.Nc2 Na5 14.Ne5 Rc8 15.Ne3 
b5 16.Qe2 e6 17.Bg5 Qc7 18.N3g4 Nxg4 19.Nxg4 f5 20.Nf6+ Bxf6 21.Bxf6 Nc4 
22.Rac1 Qb6 23.b3 Nd6 24.f3 Nf7 25.Kh1 Qa5 26.Qd2 Rc6 27.Re2 Qc7 28.Qe1 
Qc8 29.Rec2 Qd7 30.Qe2 Nd6 31.Be5 Rec8 32.Qe3 Nf7 33.Bg3 Kg7 34.Qe2 Kg8 
35.Qe3 Kf8 36.Bh2 Nd6 37.Qd3 Nf7 38.Kg1 Ke7 39.Bg3 Kf8 40.Kf2 Ke7 41.h4 h6
42.Kf1 Kf8 43.Ke2 Qe7 44.Qe3 Kg8 45.Kd3 Qd7 46.Be5 Nxe5+ 47.Qxe5 Qg7 48.g3
Qxe5 49.dxe5 Kf7 50.f4 Ke7 51.Rh1 h5 52.Rhc1 a5 53.c4 dxc4+ 54.bxc4 Ra8 
55.Ke3 Rxc4 56.Rxc4 bxc4 57.Rxc4 Rb8 58.Rc7+ Kf8 59.Ra7 Rb5 60.Kd4 Rd5+ 
61.Kc4 Rd1 62.Rxa5 Rc1+ 63.Kd4 Rg1 64.Ra3 Rc1 65.Rc3 Rd1+ 66.Kc5 Rd2 67.a4
Ke7 68.a5 Ra2 69.Kb6 Rb2+ 70.Kc5 Ra2 71.Kb4 Rh2 72.Rb3 Rc2 73.a6 Rc7 74.
Kb5 1-0

[Event "16th Asia-ch (w)"]
[Site "Ho Chi Minh VIE"]
[Date "2012.05.11"]
[Round "7"]
[White "Enkhtuul, Altanulzii"]
[Black "Ton Nu Hong An"]
[Result "1-0"]
[WhiteElo "2108"]
[BlackElo "1997"]
[EventDate "2012.05.05"]
[PlyCount "82"]

1.d4 Nf6 2.Nf3 e6 3.g3 d5 4.Bg2 Nbd7 5.O-O b6 6.c4 Bb7 7.Bf4 Be7 8.Nc3 a6 
9.Ne5 O-O 10.Qa4 Nb8 11.b4 Ne4 12.Qb3 dxc4 13.Qxc4 Nd6 14.Qd3 Bxg2 15.Kxg2
Nf5 16.Qe4 c6 17.a3 Qxd4 18.Qf3 Qd8 19.Rad1 Qc8 20.Nc4 Nd7 21.e4 e5 22.
Rxd7 Qxd7 23.Nxe5 Nh4+ 24.gxh4 Qe6 25.Bg3 f6 26.Ng4 a5 27.b5 h5 28.Ne3 Qb3
29.Nf5 Bxa3 30.bxc6 g6 31.Nd4 Qc4 32.Ncb5 Bc5 33.Qb3 Qxb3 34.Nxb3 Be7 35.
Nc7 Rac8 36.Nd5 Kf7 37.c7 a4 38.Nd2 Bc5 39.Nc4 b5 40.Ncb6 Rfe8 41.Nd7 Ba7 
1-0

[Event "16th Asia-ch (w)"]
[Site "Ho Chi Minh VIE"]
[Date "2012.05.12"]
[Round "8"]
[White "Ding Yixin"]
[Black "Tan Zhongyi"]
[Result "1/2-1/2"]
[WhiteElo "2353"]
[BlackElo "2430"]
[EventDate "2012.05.05"]
[PlyCount "60"]

1.e4 d6 2.d4 g6 3.Nc3 Bg7 4.Nf3 Nf6 5.h3 O-O 6.Be3 a6 7.Bd3 b5 8.a4 b4 9.
Ne2 Bb7 10.Ng3 Nbd7 11.O-O c5 12.c3 c4 13.Bxc4 bxc3 14.bxc3 Nxe4 15.Nxe4 
Bxe4 16.Qe2 Bxf3 17.Qxf3 Qc7 18.Bxf7+ Kh8 19.Qd5 Nf6 20.Qc4 Rac8 21.Qxc7 
Rxc7 22.Be6 d5 23.Rfe1 Rc6 24.Bd2 Rb8 25.Bg5 h6 26.Bxf6 Bxf6 27.Bxd5 Rxc3 
28.Rac1 Rxc1 29.Rxc1 Bxd4 30.Rc6 Rb6 1/2-1/2

[Event "16th Asia-ch (w)"]
[Site "Ho Chi Minh VIE"]
[Date "2012.05.12"]
[Round "8"]
[White "Wang Jue"]
[Black "Karavade, Eesha"]
[Result "1/2-1/2"]
[WhiteElo "2364"]
[BlackElo "2353"]
[EventDate "2012.05.05"]
[PlyCount "137"]

1.e4 e6 2.d4 d5 3.Nc3 Nf6 4.e5 Nfd7 5.f4 c5 6.Nf3 Nc6 7.Be3 cxd4 8.Nxd4 
Bc5 9.Qd2 O-O 10.O-O-O a6 11.Kb1 Nxd4 12.Bxd4 b5 13.h4 b4 14.Na4 Bxd4 15.
Qxd4 a5 16.Bb5 Rb8 17.Bd3 Qc7 18.Rhe1 Qc6 19.b3 Ba6 20.Bxa6 Qxa6 21.f5 
Rbc8 22.f6 Qc6 23.Rc1 gxf6 24.exf6 Kh8 25.c4 bxc3 26.Nxc3 Qb6 27.Qxb6 Nxb6
28.g4 h6 29.Ne2 Rg8 30.Rg1 Rxc1+ 31.Kxc1 Nd7 32.g5 Ne5 33.Rg3 Kh7 34.Nf4 
Ng6 35.Ng2 Rc8+ 36.Kd2 d4 37.Rg4 e5 38.h5 Nf8 39.Nh4 hxg5 40.Rxg5 Nd7 41.
Rg7+ Kh6 42.Rxf7 Nc5 43.Re7 Kxh5 44.f7 Ne4+ 45.Kd3 Nd6 46.Nf5 e4+ 47.Kd2 
e3+ 48.Kd1 Nxf7 49.Rxf7 Rd8 50.Rg7 Rd5 51.Ng3+ Kh4 52.a4 d3 53.Re7 Kxg3 
54.Rxe3+ Kf4 55.Kd2 Kf5 56.Rxd3 Ke4 57.Rxd5 Kxd5 58.Kd3 Kc5 59.Kc3 Kd5 60.
Kd3 Kc5 61.Kc3 Kd5 62.b4 axb4+ 63.Kxb4 Kc6 64.a5 Kb7 65.Kb5 Ka7 66.a6 Ka8 
67.Kb6 Kb8 68.a7+ Ka8 69.Ka6 1/2-1/2

[Event "16th Asia-ch (w)"]
[Site "Ho Chi Minh VIE"]
[Date "2012.05.12"]
[Round "8"]
[White "Nakhbaeva, Guliskhan"]
[Black "Zhao Xue"]
[Result "0-1"]
[WhiteElo "2309"]
[BlackElo "2549"]
[EventDate "2012.05.05"]
[PlyCount "102"]

1.d4 Nf6 2.c4 e6 3.Nf3 Bb4+ 4.Bd2 c5 5.g3 O-O 6.Bg2 d6 7.O-O Nc6 8.Bxb4 
cxb4 9.a3 Qb6 10.axb4 Qxb4 11.Qc2 e5 12.e3 Qb6 13.c5 dxc5 14.dxc5 Qc7 15.
Na3 Qa5 16.Rac1 Re8 17.Ng5 h6 18.Ne4 Nxe4 19.Bxe4 Be6 20.Rfd1 Rad8 21.Kg2 
Qb4 22.Bf3 e4 23.Be2 Rxd1 24.Bxd1 Rd8 25.Nb1 Ne5 26.Qc3 Nd3 27.Qxb4 Nxb4 
28.Be2 Bb3 29.h3 Na2 30.Re1 Rd5 31.f3 Rxc5 32.Nd2 exf3+ 33.Bxf3 Be6 34.Ne4
Rc2+ 35.Re2 Rxe2+ 36.Bxe2 Nc1 37.Nc3 Nxe2 38.Nxe2 Kf8 39.h4 Ke7 40.Kf3 Kd6
41.Ke4 Kc5 42.Ke5 a5 43.Nd4 a4 44.Nxe6+ fxe6 45.Kxe6 b5 46.e4 b4 47.e5 a3 
48.bxa3 bxa3 49.Kd7 a2 50.e6 a1=Q 51.e7 Qa4+ 0-1

[Event "16th Asia-ch (w)"]
[Site "Ho Chi Minh VIE"]
[Date "2012.05.12"]
[Round "8"]
[White "Nguyen Thi Thanh An"]
[Black "Padmini, Rout"]
[Result "0-1"]
[WhiteElo "2301"]
[BlackElo "2345"]
[EventDate "2012.05.05"]
[PlyCount "128"]

1.d4 Nf6 2.c4 g6 3.Nc3 d5 4.Nf3 Bg7 5.Qb3 dxc4 6.Qxc4 O-O 7.Bf4 c6 8.e4 b5
9.Qd3 b4 10.Na4 Ba6 11.Qc2 Bxf1 12.Kxf1 Qa5 13.Re1 Nbd7 14.b3 Rac8 15.g3 
c5 16.d5 Nb6 17.Nxb6 axb6 18.Kg2 Qa8 19.Re2 Rfd8 20.Rd1 Ne8 21.h4 h5 22.
Ne5 Nd6 23.Nc6 Rxc6 24.dxc6 Qxc6 25.Red2 e5 26.Be3 Bf8 27.f3 Re8 28.Bg5 
Nb5 29.Rd8 Nd4 30.Rxe8 Qxe8 31.Qc4 Qa8 32.Rd2 b5 33.Qd5 Qxd5 34.exd5 c4 
35.f4 c3 36.Rd1 c2 37.Rc1 e4 38.f5 Nxf5 39.Rxc2 Bd6 40.Rc6 Kg7 41.Kh3 f6 
42.Bd2 Kf7 43.Rb6 Ke8 44.Rxb5 e3 45.Be1 Nd4 46.Rb6 Kd7 47.Kg2 Kc7 48.Ra6 
g5 49.hxg5 fxg5 50.Ra7+ Kb6 51.Rh7 Kc5 52.Rxh5 Nc2 53.Kf1 Kd4 54.Ke2 Nxe1 
55.Kxe1 Kd3 56.Rxg5 e2 57.Rg4 Be5 58.Kf2 Bc3 59.Re4 Kxe4 60.Kxe2 Be5 61.g4
Kxd5 62.Kd3 Bd6 63.g5 Ke5 64.Kc2 Kf5 0-1

[Event "16th Asia-ch (w)"]
[Site "Ho Chi Minh VIE"]
[Date "2012.05.12"]
[Round "8"]
[White "Swathi, Ghate"]
[Black "Le Thanh Tu"]
[Result "0-1"]
[WhiteElo "2286"]
[BlackElo "2313"]
[EventDate "2012.05.05"]
[PlyCount "108"]

1.e4 Nf6 2.e5 Nd5 3.d4 d6 4.c4 Nb6 5.exd6 exd6 6.Nc3 Be7 7.h3 O-O 8.Nf3 
Bf6 9.Be2 Nc6 10.O-O Bf5 11.Be3 Re8 12.b3 a6 13.Qd2 h6 14.Rad1 d5 15.c5 
Nc8 16.Nh2 b6 17.cxb6 Nxb6 18.Ng4 Be7 19.Bd3 Bxd3 20.Qxd3 Bd6 21.Qf5 Ne7 
22.Qh5 Ng6 23.g3 Bb4 24.Rd3 Bf8 25.f4 Qd6 26.Kg2 Nh8 27.f5 f6 28.Bf4 Qc6 
29.Rc1 Ba3 30.Rc2 Re7 31.Ne3 Qb7 32.Qf3 Rd8 33.Ne2 Nf7 34.h4 Nd6 35.b4 
Bxb4 36.Rb3 Be1 37.Kf1 Ba5 38.Kg2 Ne4 39.Nd1 Qc8 40.g4 Nc4 41.Qd3 Rde8 42.
Ng1 Qd7 43.h5 Bb6 44.Nf3 Ng5 45.Nf2 Nxf3 46.Kxf3 Qa4 47.Nd1 Re4 48.Nc3 Qa5
49.Nxe4 dxe4+ 50.Qxe4 Rxe4 51.Kxe4 Qe1+ 52.Kd5 Na5 53.Re3 Qd1 54.Re8+ Kf7 
0-1

[Event "16th Asia-ch (w)"]
[Site "Ho Chi Minh VIE"]
[Date "2012.05.12"]
[Round "8"]
[White "Mongontuul, Batchujagijn"]
[Black "Yanjindulam, Dulamsuren"]
[Result "1/2-1/2"]
[WhiteElo "2451"]
[BlackElo "2214"]
[EventDate "2012.05.05"]
[PlyCount "104"]

1.e4 e5 2.Nf3 Nf6 3.Nxe5 d6 4.Nf3 Nxe4 5.Nc3 Nxc3 6.dxc3 Be7 7.Be3 Be6 8.
Qd2 Nc6 9.O-O-O Bxa2 10.b3 a5 11.Kb2 a4 12.Ra1 axb3 13.cxb3 Bxb3 14.Rxa8 
Qxa8 15.Kxb3 Qa1 16.Qc1 Na5+ 17.Kc2 Qa4+ 18.Kb1 O-O 19.Qc2 Nb3 20.Qa2 Qe4+
21.Kb2 Nc5 22.Bxc5 dxc5 23.Qc4 Qg6 24.h4 Rb8 25.h5 Qd6 26.Bd3 Bf6 27.Re1 
b5 28.Qe4 g6 29.hxg6 hxg6 30.Kc2 Qb6 31.Ne5 Qa6 32.Kd2 c4 33.Nc6 Rb6 34.
Qe8+ Kg7 35.Rh1 Bg5+ 36.Ke2 cxd3+ 37.Kf3 Rb8 38.Qe5+ Bf6 39.Nxb8 Qb7+ 40.
Qe4 Qxb8 41.Qxd3 Qa8+ 42.Kg3 Qa3 43.Qxb5 Qxc3+ 44.Kh2 Bd4 45.Qe2 c5 46.Rb1
Qa5 47.Rb7 Qd8 48.Qf3 Qh8+ 49.Kg1 Qe8 50.g3 Qe6 51.Kg2 Qa2 52.Rc7 Qe6 
1/2-1/2

[Event "16th Asia-ch (w)"]
[Site "Ho Chi Minh VIE"]
[Date "2012.05.12"]
[Round "8"]
[White "Mohota, Nisha"]
[Black "Zhai Mo"]
[Result "1/2-1/2"]
[WhiteElo "2321"]
[BlackElo "2248"]
[EventDate "2012.05.05"]
[PlyCount "63"]

1.c4 Nf6 2.Nc3 e6 3.e4 d5 4.e5 d4 5.exf6 dxc3 6.bxc3 Qxf6 7.d4 c5 8.Nf3 
cxd4 9.Bg5 Qf5 10.cxd4 Bb4+ 11.Bd2 Qa5 12.Rb1 Bxd2+ 13.Qxd2 Qxd2+ 14.Kxd2 
b6 15.c5 O-O 16.Bd3 Bb7 17.Rhc1 Bd5 18.Bb5 bxc5 19.dxc5 Nc6 20.Ke3 Rac8 
21.a4 Ne7 22.g3 Rc7 23.Ne5 Nf5+ 24.Ke2 Nd4+ 25.Ke3 Nf5+ 26.Ke2 f6 27.Nd3 
Nd4+ 28.Ke3 Nf5+ 29.Ke2 Nd4+ 30.Ke3 Nf5+ 31.Ke2 Nd4+ 32.Ke3 1/2-1/2

[Event "16th Asia-ch (w)"]
[Site "Ho Chi Minh VIE"]
[Date "2012.05.12"]
[Round "8"]
[White "Hoang Thi Nhu Y"]
[Black "Pham Le Thao Nguyen"]
[Result "0-1"]
[WhiteElo "2238"]
[BlackElo "2390"]
[EventDate "2012.05.05"]
[PlyCount "90"]

1.d4 Nf6 2.Nf3 c5 3.c3 g6 4.Bf4 Bg7 5.Nbd2 b6 6.e4 Bb7 7.Bd3 O-O 8.O-O d6 
9.Qe2 Nc6 10.Ba6 Bxa6 11.Qxa6 cxd4 12.cxd4 d5 13.e5 Ne4 14.Qe2 Nxd2 15.
Qxd2 Qd7 16.Bh6 Rfc8 17.Rac1 Nd8 18.Bxg7 Kxg7 19.h4 Qg4 20.Qg5 Qxg5 21.
Nxg5 h6 22.Nf3 Ne6 23.Rfd1 g5 24.hxg5 hxg5 25.g3 Kg6 26.Kg2 Kf5 27.b3 b5 
28.Re1 b4 29.Rxc8 Rxc8 30.Re2 a5 31.Rd2 Rc3 32.Nh2 Nc7 33.Nf1 Nb5 34.Ne3+ 
Ke4 35.Nd1 Rd3 36.Re2+ Kxd4 37.Ne3 e6 38.Ng4 Nc3 39.Re1 Rd2 40.Kh3 Rxa2 
41.f4 gxf4 42.gxf4 a4 43.Nh6 axb3 44.Nxf7 b2 45.Ng5 Ra1 0-1

[Event "16th Asia-ch (w)"]
[Site "Ho Chi Minh VIE"]
[Date "2012.05.12"]
[Round "8"]
[White "Pham Bich Ngoc"]
[Black "Guo Qi"]
[Result "0-1"]
[WhiteElo "2176"]
[BlackElo "2360"]
[EventDate "2012.05.05"]
[PlyCount "75"]

1.c4 e6 2.Nf3 d5 3.e3 Nf6 4.d4 c5 5.Nc3 Nc6 6.a3 a6 7.dxc5 Bxc5 8.b4 Ba7 
9.Bb2 O-O 10.Qc2 Qe7 11.Rd1 Rd8 12.Be2 d4 13.exd4 Nxd4 14.Nxd4 Bxd4 15.Na4
Bxb2 16.Qxb2 Rxd1+ 17.Bxd1 Bd7 18.Nb6 Rd8 19.Nxd7 Qxd7 20.Be2 Kf8 21.O-O 
Qd4 22.Qc2 Ne4 23.c5 g6 24.c6 bxc6 25.Qxc6 Rd6 26.Qa8+ Kg7 27.h3 Ng3 28.
Bxa6 Nxf1 29.Bxf1 Qa1 30.g3 Rd1 31.Qa6 Rd2 32.Qc4 Qxa3 33.b5 Qb2 34.Qf4 e5
35.Qf3 Qd4 36.h4 h5 37.Bg2 Rd1+ 38.Kh2 0-1

[Event "16th Asia-ch (w)"]
[Site "Ho Chi Minh VIE"]
[Date "2012.05.12"]
[Round "8"]
[White "Nguyen Quynh Anh"]
[Black "Hoang Thi Bao Tram"]
[Result "1/2-1/2"]
[WhiteElo "2129"]
[BlackElo "2356"]
[EventDate "2012.05.05"]
[PlyCount "70"]

1.e4 c6 2.d4 d5 3.Nc3 dxe4 4.Nxe4 Bf5 5.Ng3 Bg6 6.h4 h6 7.Nf3 Nd7 8.h5 Bh7
9.Bd3 Bxd3 10.Qxd3 e6 11.Bd2 Ngf6 12.O-O-O Be7 13.Ne4 Nxe4 14.Qxe4 Nf6 15.
Qe2 Qd5 16.c4 Qe4 17.Qxe4 Nxe4 18.Be3 O-O 19.Ne5 Rfd8 20.g4 a5 21.f3 Nd6 
22.c5 Ne8 23.f4 Nc7 24.g5 Nd5 25.Bd2 f6 26.Ng6 fxg5 27.Nxe7+ Nxe7 28.fxg5 
Nf5 29.gxh6 gxh6 30.Rdg1+ Kf7 31.Rg6 Rxd4 32.Re1 Rg8 33.Bc3 Rd5 34.Rgxe6 
Rg3 35.Rf6+ Kg7 1/2-1/2

[Event "16th Asia-ch (w)"]
[Site "Ho Chi Minh VIE"]
[Date "2012.05.12"]
[Round "8"]
[White "Ni Shiqun"]
[Black "Muminova, Nafisa"]
[Result "1-0"]
[WhiteElo "2157"]
[BlackElo "2338"]
[EventDate "2012.05.05"]
[PlyCount "99"]

1.e4 e6 2.d4 d5 3.Nd2 Nf6 4.e5 Nfd7 5.Bd3 c5 6.c3 Nc6 7.Ne2 cxd4 8.cxd4 f6
9.Nf4 Qb6 10.Qh5+ Ke7 11.Bxh7 Rxh7 12.Qxh7 Nxd4 13.exf6+ Nxf6 14.Qd3 Bd7 
15.Nb3 Nf5 16.Ng6+ Kf7 17.Ne5+ Kg8 18.Nxd7 Nxd7 19.O-O Bd6 20.Bd2 a5 21.
Bc3 Kf7 22.Nd4 Rh8 23.h3 Ne5 24.Qb5 Qxb5 25.Nxb5 Bb8 26.Bxa5 d4 27.Bc7 
Bxc7 28.Nxc7 Nc4 29.b3 Na3 30.Rfd1 Rd8 31.Rac1 e5 32.Rc5 Kf6 33.Nb5 Nxb5 
34.Rxb5 Nd6 35.Rb6 Kf5 36.Kf1 Ke4 37.a4 Kd5 38.a5 Rc8 39.Ra1 d3 40.f3 Nf5 
41.Rxb7 Kd6 42.a6 Rc2 43.a7 Ne3+ 44.Kg1 d2 45.a8=Q Rc1+ 46.Kf2 d1=Q 47.
Qa3+ Ke6 48.Qxc1 Ng4+ 49.hxg4 Qd4+ 50.Kg3 1-0

[Event "16th Asia-ch (w)"]
[Site "Ho Chi Minh VIE"]
[Date "2012.05.12"]
[Round "8"]
[White "Batchimeg, Tuvshintogs"]
[Black "Pham Thi Thu Hoai"]
[Result "1-0"]
[WhiteElo "2363"]
[BlackElo "1956"]
[EventDate "2012.05.05"]
[PlyCount "109"]

1.d4 Nf6 2.Nf3 g6 3.c4 c6 4.Nc3 d5 5.cxd5 cxd5 6.Bf4 a6 7.Qa4+ Bd7 8.Qb3 
Bc6 9.Ne5 Bg7 10.Nxc6 Nxc6 11.e3 Na5 12.Qb4 O-O 13.Be2 Rc8 14.O-O b5 15.a4
Nc6 16.Qb3 b4 17.Na2 Qb6 18.Rac1 Ne4 19.Qxd5 Nd2 20.Rfd1 Rfd8 21.Qc5 Qxc5 
22.Rxc5 Nb3 23.Rc4 a5 24.Nc1 Nbxd4 25.exd4 Nxd4 26.Rxc8 Rxc8 27.Ba6 Rc2 
28.b3 e5 29.Be3 f5 30.Bc4+ Kf8 31.Bxd4 exd4 32.g3 Rb2 33.Nd3 Rc2 34.Nf4 
Ke7 35.Ne2 d3 36.Bxd3 Rc7 37.Bc4 Bf6 38.Nf4 Rd7 39.Nd5+ Kf8 40.Re1 Bd4 41.
Re6 Ra7 42.Kg2 Ra8 43.Re7 Ra7 44.Re6 Ra8 45.f4 Ra7 46.Kf3 Kg7 47.h3 Rb7 
48.g4 fxg4+ 49.hxg4 Rf7 50.Ke4 Bf2 51.f5 gxf5+ 52.gxf5 Bh4 53.Nf4 Re7 54.
Nh5+ Kf7 55.f6 1-0